000 00929nam a2200253 a 4500
001 000016391
003 DO-SdBNP
005 20250213185651.0
008 100304s1979 dr a 000 0 spa d
040 _aDO-SdBNP
_bspa
_cBNPHU
049 _aBNPD
082 _a001.43
_bP467i
245 0 0 _aPerspectivas de la investigación en la Universidad Autónoma de Santo Domingo /
_cAntonio Sánchez Hernández ... [et al.].
260 _aSanto Domingo :
_bAlfa y Omega,
_c1979.
490 1 _aPublicación de la Universidad Autónoma de Santo Domingo.
_v276
490 1 _aEducación y sociedad
_v12
650 4 _aInvestigaciones
_zRepública Dominicana
_936548
700 1 _aMartínez, Ramón
_936549
700 1 _aArvelo, Rafael
_936550
700 1 _aJakowska, Sophie
_936551
830 _aPublicación de la Universidad Autónoma de Santo Domingo ;
_n1225
_973740
830 0 _aEducación y sociedad
_n12
_936553
942 _2ddc
_cLBS1
999 _c15926
_d15926